000 00675nam a22002297a 4500
003 dpl
005 20180524143339.0
008 180524b xxu||||| |||| 00| 0 eng d
010 _aA-945996
020 _c00.00
_a8174790233
035 _aA-945996, A-946001
037 _bCen Lib/Ret
040 _aDPL
_bEN
_c0
082 _a921
_bJOG
100 _aJoginder Singh
_95707
245 _aWithout fear or favour :
_cby Joginder Singh
_ban autobiography /
260 _aNew Delhi
_bKaveri books
_c1998
270 _bNew Delhi
_a21-A, Ansari road
_e110002
300 _axvi,307p.
_c23cm(Hb)
650 _aAutobiography
_928861
942 _2ddc
_cEN
_h921
_mJOG
999 _c134251
_d134251